[Event "Goch op 23rd"]
[Site "Goch"]
[Date "2012.09.02"]
[Round "7"]
[White "Dold, Dennis"]
[Black "Beckmann, Arne"]
[Result "1-0"]
[WhiteElo "1699"]
[BlackElo "1964"]
[PlyCount "59"]
[EventDate "2012.08.30"]
[EventType "swiss"]
[EventRounds "7"]
[EventCountry "GER"]
[SourceTitle "EXT 2015"]
[Source "ChessBase"]
[SourceDate "2014.11.20"]
[SourceVersion "1"]
[SourceVersionDate "2014.11.20"]
[SourceQuality "1"]

1. c4 e5 2. g3 d6 3. Bg2 Nc6 4. Nc3 f5 5. e3 Nf6 6. Nge2 Be7 7. 0-0 0-0 8. d4 e4 9. f3 exf3 10. Bxf3 Re8 11. Nf4 Bf8 12. Re1 Ne4 13. Qd3 Nb4 14. Qb1 g6 15. Nxe4 fxe4 16. Bxe4 Rxe4 17. Qxe4 Bf5 18. Qf3 Nc2 19. Rf1 Nxa1 20. e4 Bd7 21. Qe2 Ba4 22. Qg4 Qd7 23. Ne6 Re8 24. d5 Bg7 25. Qh4 Rxe6 26. dxe6 Qxe6 27. b3 Bc6 28. Bh6 Nc2 29. Qf4 Nd4 30. Qf8+ 1-0

[Event "Goch op 23rd"]
[Site "Goch"]
[Date "2012.09.01"]
[Round "5"]
[White "Dold, Dennis"]
[Black "Jenusch, Robert"]
[Result "0-1"]
[WhiteElo "1699"]
[BlackElo "2028"]
[PlyCount "96"]
[EventDate "2012.08.30"]
[EventType "swiss"]
[EventRounds "7"]
[EventCountry "GER"]
[SourceTitle "EXT 2015"]
[Source "ChessBase"]
[SourceDate "2014.11.20"]
[SourceVersion "1"]
[SourceVersionDate "2014.11.20"]
[SourceQuality "1"]

1. c4 c5 2. g3 Nc6 3. Bg2 g6 4. Nc3 Bg7 5. Nf3 Nf6 6. 0-0 0-0 7. d4 cxd4 8. Nxd4 Nxd4 9. Qxd4 d6 10. Qd3 a6 11. Be3 Bf5 12. Qd2 Qd7 13. Bd4 Rad8 14. e4 Bh3 15. Bxh3 Qxh3 16. f3 Qc8 17. b3 e6 18. Rac1 h5 19. Na4 Qc6 20. Qc3 Ne8 21. Bxg7 Nxg7 22. Qe3 Rc8 23. Rfd1 Rfd8 24. Rc3 Kh7 25. Rcd3 Ne8 26. Nc3 Kg7 27. f4 Rc7 28. f5 Rcd7 29. fxg6 fxg6 30. Rf1 Nf6 31. Qf4 Rf8 32. Rdf3 Nh7 33. Qe3 Rdf7 34. Qd4+ e5 35. Qe3 Rxf3 36. Rxf3 Rxf3 37. Qxf3 Qc5+ 38. Qf2 Qxf2+ 39. Kxf2 Nf6 40. h4 Kf7 41. Kf3 Ke6 42. Nd5 Nxd5 43. cxd5+ Kd7 44. Ke3 Kc7 45. Kd3 Kb6 46. b4 Kb5 47. Kc3 Ka4 48. Kc4 b5+ 0-1

[Event "Goch op 23rd"]
[Site "Goch"]
[Date "2012.08.31"]
[Round "3"]
[White "Dold, Dennis"]
[Black "Stefkovic, Marijan"]
[Result "0-1"]
[WhiteElo "1699"]
[BlackElo "2144"]
[PlyCount "64"]
[EventDate "2012.08.30"]
[EventType "swiss"]
[EventRounds "7"]
[EventCountry "GER"]
[SourceTitle "EXT 2015"]
[Source "ChessBase"]
[SourceDate "2014.11.20"]
[SourceVersion "1"]
[SourceVersionDate "2014.11.20"]
[SourceQuality "1"]

1. c4 f5 2. g3 Nf6 3. Bg2 e6 4. Nc3 c6 5. a3 d5 6. cxd5 exd5 7. b4 Bd6 8. Bb2 0-0 9. Nf3 Nbd7 10. 0-0 Qe8 11. Rc1 a6 12. Qc2 Qh5 13. Nd1 f4 14. d3 Nb6 15. e4 Bg4 16. Nh4 Rae8 17. f3 fxg3 18. fxg4 Qxh4 19. h3 Nxg4 20. exd5 Rxf1+ 21. Bxf1 Ne5 22. Bxe5 Bxe5 23. dxc6 Bd4+ 24. Kg2 bxc6 25. Qxc6 Qe7 26. Qf3 Rf8 27. Qe4 Qf7 28. Be2 Re8 29. Qf3 Qa2 30. Kxg3 Rxe2 31. Qb7 Re8 32. Qc6 Rf8 0-1